000 00732nam a2200241 a 4500
001 12764
003 BD-JhCC
005 20230510175243.0
008 180313s20162018bg a|||| ||a| 000 0 ben d
020 _a9847012005293
035 _a(BD-JhCC)12764
040 _aBD-JhCC
_dBD-JhCC
041 _abengali
082 _a923
_bSAR 2018
100 _aসরওয়ার,জাহেদ
245 _aনেলসন ম্যান্ডেলা /
_cজাহেদ সরওয়ার।
260 _aঢাকা :
_bকথাপ্রকাশ;
_c২০১৮.
300 _a95 p. :
_c21 cm.
490 _aজীবনী গ্রন্থমালা
651 _abiography.
942 _2ddc
_cBK
_01
999 _c12764
_d12764